| 000 | 00690nam a2200229 a 4500 | ||
|---|---|---|---|
| 003 | OSt | ||
| 005 | 20131001150709.0 | ||
| 008 | 131001s2003 chl||||| |||| 00| 0 spa d | ||
| 020 | _a92-1-021052-2 | ||
| 040 | _cBiblioteca Medicina | ||
| 041 | _aspa | ||
| 082 | _bVARIOS 0344 | ||
| 110 |
_aNaciones Unidas _92630 |
||
| 245 | 0 | 0 | _aAnuario Estadistico de America Latina y El Caribe |
| 250 | _a1ยบ ed. | ||
| 260 |
_aSantiago de Chile _bNaciones Unidas; CEPAL _c2003 |
||
| 300 | _a552 p. | ||
| 653 | _aESTADISTICAS-AMERICA LATINA-2003 | ||
| 856 | _awww.cepal.org | ||
| 942 |
_2ddc _cPH |
||
| 999 |
_c1706 _d1706 |
||
| 952 |
_40 _00 _bBFM _10 _oVARIOS 0344 _d2013-10-01 _tEj. 1 _8NFIC _70 _cCR _2ddc _yPH _aBFM |
||